000 01117cam a2200253 4500
001 ABS61752
008 000000n2000 000 0 eng u
035 _a(Sirsi) u103813
100 _aStephen, R.
245 _aAirtightness in UK dwellings and the review of Approved Document L
260 _c2000
490 _aBuilding Engineer
_v75(1) January 2000, 24-26(3)
520 _aDiscusses attempts by the government to reduce unwanted infiltration through air leakage in buildings. It is intended that the latest review of Part l of the Building Regulations will lead to reduced energy consumption in buildings and meet government targets for CO2 emissions. The article is intended to be of interest to those involved in the design, specification and regulatory control of new dwellings.
590 _aABS
650 _aNEW DWELLINGS
650 _aAIRTIGHTNESS
650 _aVENTILATION
650 _aCARBON DIOXIDE EMISSIONS
650 _aAPPROVED DOCUMENT L
650 _aBUILDING REGULATIONS
_96224
650 _aENERGY SAVING
690 _aBUILDING AND CONSTRUCTION-ENERGY MANAGEMENT
942 _n0
999 _c62340
_d62340